| 000 | 00718nam a22002175i 4500 | ||
|---|---|---|---|
| 001 | 176112 | ||
| 003 | ES-MaACL | ||
| 005 | 20230906220005.0 | ||
| 008 | 101217s1975 sp |||| | spa d | ||
| 020 | _a84-85137-06-X | ||
| 080 | _a821.134.2-31"18" | ||
| 100 | 1 |
_aTrigo, Felipe. _9111409 |
|
| 245 | 1 | 0 |
_aJarrapellejos : _b(vida arcaica, feliz e independiente de un español representativo) / _cFelipe Trigo ; prólogo de Rafael Conte. |
| 260 |
_aMadrid : _bTurner, _c[1975] |
||
| 300 |
_aXIX, 308 p. ; _c21 cm. |
||
| 490 | 1 |
_aLa novela social española ; _v5 |
|
| 700 | 1 |
_aConte, Rafael. _940270 |
|
| 830 | 1 |
_aLa novela social española ; _v5 _9190093 |
|
| 852 | 4 |
_aES-MaACL _jE-13805 |
|
| 999 |
_c176112 _d176112 |
||